000 00839nam a22002297a 4500
999 _c13882
_d13882
003 AR-CdUCM
008 190416b ||||| |||| 00| 0 spa d
040 _aMUNICIPALIDAD PROVINCIAL DEL CUSCO
_cBIBLIOTECA MUNICIPAL DEL CUSCO
082 _a129.66 /
_bOR73
_26ed.
100 _aOrtega y Gasset, José
_95772
245 _aEspíritu de la letra /
260 _aMadrid :
_bEdiciones de la Revista de Occidente,
_c1967.
300 _a203 páginas ;
_c18 cm.
440 _aColecciones el arquero
_932485
505 _aContenido: Origen del Español -- La forma como método histórico -- Galápagos, el fin del mundo -- Ética de los Griegos ...
650 _aHistoria y crítica
_95993
650 _aLiteratura
_983
650 _aEnsayos filosóficos.
_96877
650 _aSiglo XX
_98
942 _2ddc
_cLIBROS
945 _acmm
_d2019-04-16